Tapping panel dryness: Annotated bibliography. Full Articles. Pt.1.1-99 (Record no. 44296)

MARC details
000 -LEADER
fixed length control field 00335nam a2200121Ia 4500
082 ## - DEWEY DECIMAL CLASSIFICATION NUMBER
Classification number NR:016TPD
Item number RRI.1
100 ## - MAIN ENTRY--AUTHOR NAME
Personal name Jose, M
245 #0 - TITLE STATEMENT
Title Tapping panel dryness: Annotated bibliography. Full Articles. Pt.1.1-99
260 ## - PUBLICATION, DISTRIBUTION, ETC. (IMPRINT)
Place of publication Kottayam
Name of publisher RRII
Year of publication 2005
700 ## - ADDED ENTRY--PERSONAL NAME
Personal name Latha, N
942 ## - ADDED ENTRY ELEMENTS (KOHA)
Koha item type Books
Holdings
Withdrawn status Lost status Damaged status Not for loan Home library Current library Date acquired Source of acquisition Full call number Accession Number Koha item type
        RRII Library RRII Library 16/12/2021 Gift NR:016TPD RRI.1 G01043 Books